O foguetão dos sentidos (Registo nº 36487)
[ vista simples ]
| 000 -Etiqueta do registo | |
|---|---|
| Valores | 00779nam a2200265 4500 |
| 010 ## - Número ISBN | |
| ISBN | 9789896614713 |
| 021 ## - Número do Depósito Legal | |
| Código do país | Portugal |
| Número | 501365/22 |
| 100 ## - Dados gerais de processamento | |
| Dados gerais | 20221107d2022 c y0pory50030103ba |
| 101 0# - Língua de publicação | |
| Língua | Português |
| 102 ## - País de publicação | |
| País | Portugal |
| 200 1# - Titulo e menção de responsabilidade | |
| Título próprio | O foguetão dos sentidos |
| Primeira menção de responsabilidade | Thereza Ameal |
| Outras menções de responsabilidade | il. Pedro Rocha e Mello |
| 205 ## - Menção da edição | |
| Edição | 1.ªed |
| 210 #9 - Publicação | |
| Local de publicação | Alfragide |
| Nome do editor | Texto, |
| Data de publicação | 2022 |
| 215 ## - Descrição física | |
| Paginação / Volumes | [35] p. |
| Outras indicações físicas | il. |
| Dimensões | 23 cm |
| 606 ## - Nome comum usado como assunto | |
| ID Autoridade | 185 |
| Palavra de ordem | Literatura infantil |
| 675 ## - CDU | |
| Notação | 087.5 |
| Edição | BN |
| Língua | por |
| 675 ## - CDU | |
| Notação | 159.93(0.053.5) |
| Edição | BN |
| Língua | por |
| 700 ## - Autor principal | |
| Apelido | Ameal, |
| Nome | Teresa, |
| ID Autoridade | 6834 |
| 702 ## - Autor secundário | |
| Apelido | Mello, |
| Nome | Pedro Rocha e |
| Função | Ilustrador |
| ID Autoridade | 6835 |
| 801 #0 - Fonte de origem | |
| País | PT |
| Agência | BN |
| Regras de catalogação | RPC |
| 856 41 - Localização e acesso electrónico | |
| URL | <a href="http://rnod.bnportugal.gov.pt/ImagesBN/winlibimg.aspx?skey=&doc=2114498&img=171144&save=true">http://rnod.bnportugal.gov.pt/ImagesBN/winlibimg.aspx?skey=&doc=2114498&img=171144&save=true</a> |
| 090 ## - Tipo de documento | |
| Koha biblioitem number (autogenerated) | 36487 |
| 990 ## - Elementos KOHA | |
| Tipo de documento | Livro |
| 994 ## - Estado da catalogação | |
| Situação | Completo |
| Situação do levantamento | Situação do extravio | Biblioteca de origem | Biblioteca de empréstimo | Código de barras | Cota | Permissão de empréstimo | Tipo de documento | Forma de aquisição |
|---|---|---|---|---|---|---|---|---|
| Completo | Biblioteca Municipal de Viana Do Alentejo | Biblioteca Municipal de Viana Do Alentejo | 0034994 | 8 AME | Disponível | Livro | Oferta | |
| Completo | Biblioteca Municipal de Viana Do Alentejo | Biblioteca Municipal de Viana Do Alentejo Pólo Aguiar | 0034995 | 8 AME | Disponível | Livro | Oferta | |
| Completo | Biblioteca Municipal de Viana Do Alentejo | Biblioteca Municipal de Viana Do Alentejo Pólo Alcáçovas | 0034996 | 8 AME | Disponível | Livro | Oferta |